| 000 | 00712nam a22001937a 4500 | ||
|---|---|---|---|
| 003 | BD-ChCU | ||
| 005 | 20240401093902.0 | ||
| 008 | 240401b bg ||||| |||| 00| 0 ben d | ||
| 020 | _a9840740121 | ||
| 040 | _cBD-ChCU | ||
| 082 |
_222 _a৩৭০.১ খাতু ৪ দ |
||
| 100 |
_aখাতুন, শরিফা _94689 |
||
| 245 |
_aদর্শন ও শিক্ষা / _cশরিফা খাতুন |
||
| 260 |
_aঢাকা : _bবাংলা একাডেমী, _cc১৯৯৯ |
||
| 300 |
_a২৩৬পৃ. : _c22 cm. |
||
| 504 | _aincludes bibliographical references and index | ||
| 650 | 0 |
_a শিক্ষা - দর্শন শিক্ষা _94690 |
|
| 942 |
_2ddc _cBK _n0 |
||
| 999 |
_c103989 _d103989 |
||